000 00287nam a22001337a 4500
008 171005b xxu||||| |||| 00| 0 eng d
020 _a9780674634428
041 _aeng
080 _a159.9
100 _a49
101 _aPSI
245 _aON HUMAN NATURE
_cWILSON,E.O
942 _2udc
_cBK
999 _c32046
_d32046